| 000 | 00837nam a22002297a 4500 | ||
|---|---|---|---|
| 999 |
_c16919 _d16919 |
||
| 003 | AR-CdUCM | ||
| 008 | 190506b ||||| |||| 00| 0 spa d | ||
| 020 | _a986-25-0344-2 | ||
| 040 |
_aMUNICIPALIDAD PROVINCIAL DEL CUSCO _cBIBLIOTECA MUNICIPAL DEL CUSCO |
||
| 082 |
_26ed. _a616.9 / _bK94 |
||
| 100 |
_aKrugman, Saul _936668 |
||
| 245 | _aEnfermedades infecciosas / | ||
| 260 |
_aMéxico : _bNueva editorial interamericana, _c1979. |
||
| 300 |
_a491 paginas ; _bIlustraciones,diagramas _c26 cm. |
||
| 505 | _aContenido :Infecciones por citomegalovirus --Difteria --Encefalitis por virus -- Infecciones ´por enterovirus ... | ||
| 650 |
_aInfectologia _936669 |
||
| 650 |
_aEnfermedades infecciosas _936670 |
||
| 700 |
_aRobert ward _936671 |
||
| 700 |
_aSamuel L. katz _936672 |
||
| 942 |
_2ddc _cLIBROS |
||
| 945 |
_arjall _d2019-05-06 |
||